01578nam a22001937a 450000500170000000800410001702000180005804000070007604100080008308200230009110000160011424500630013026000230019330000240021636500680024052010400030865000160134870000200136420220412143510.0220309b ||||| |||| 00| 0 eng d a9781446253366 cAL aeng 223a361.3072bDANR aDee Danchev aResearch ethics for counsellors, nurses and social workers aLondonbSagec2014 a142p.bPBc24x17cm. 2GeneralaVBI-1346b₹2577.30c₹d₹3436.40e25%f21/02/2022 aResearch Ethics for Counsellors, Nurses & Social Workers is designed to help you make the best start in your research career. With ethical implications and considerations arising at each stage of the research process, engaging with the wide range of issues and ideas can often prove a challenge. Dee Danchev and Alastair Ross will help you overcome this challenge and become confident, skilled researchers by providing you with:-An in-depth explanation of the theoretical base for a range of ethical demands and approaches, equipping you with the tools to make the right decisions for your project.-Key research ethics findings so students can apply the latest thinking to your research practice.Short case examples and checklists to help you apply thory to practice and reflect on what you have learned.Further reading and important resources to support your continued learning.Whether you are an experienced researcher or coming to research for the first time, this highly practical, step by step guide, is a must for your bookshelf. aSocial Work aRoss, Alistair